| 000 | 00703nmc a2200277 a 4500 | ||
|---|---|---|---|
| 003 | AR-BaBNM | ||
| 005 | 20251128210131.0 | ||
| 008 | 011101s1996 ||||||||||||||000 | spa|| | ||
| 020 | _a0-582-02570-2 | ||
| 040 | _cAR-BaBNM | ||
| 245 | 1 | 0 | _aLittle red riding hood |
| 250 | _a1ยช ed. | ||
| 260 |
_aHarlow _bLongman _c1996 |
||
| 300 | 0 |
_a32 p. _bil. |
|
| 490 | 0 |
_aFavourite fairy tales _vv. 2 |
|
| 650 | 4 | _aCUENTO INFANTIL | |
| 650 | 4 | _aLITERATURA INFANTIL | |
| 650 | 4 | _aLITERATURA POPULAR | |
| 650 | 4 | _aTRADICION ORAL | |
| 650 | 4 | _aINICIACION EN LA LECTURA | |
| 653 | 0 | _aCUENTO MARAVILLOSO | |
| 653 | 0 | _aLITERATURA ANGLOSAJONA | |
| 655 | _aLITERATURA | ||
| 942 | _cBK | ||
| 998 | _cMARTIN | ||
| 999 |
_c14191 _d14191 |
||